000
00463nam a2200145Ia 4500
008
100122s9999 xx 000 0 und d
082
_b
53535
_a
824
100
_a
घारे दीपक
245
_a
आपुलेनि अवकाशे
260
_b
मॅजेस्टिक प्रकाशन
_c
1997
300
_a
153
630
_a
आपुलेनि अवकाशे
730
_a
आपुलेनि अवकाशे
942
_c
BOOK
999
_c
430544
_d
430541